Inazuma Eleven Quiz po polsku - Statystyki

Ogólne statystyki
  • Ten quiz został rozwiązany 195 razy
  • Średni wynik to 6 z 15
Statystyki odpowiedzi
Hint Odpowiedź % Poprawnych
kapitan 1 drużyny Akademii Aliusa? Jordan
73%
Fałszywy płomienny napastnik na Okinawie? Torch
63%
Jedyny zawodnik który strzelił bramke Hectorowi Helio bez combosa? Xavier
61%
Jakie państwo poza Włochami mógł reprezentować Hide Nakata Japonia
54%
Kapitan Neo Japan? Dvalin
53%
Kto grał z numerem 9 w Inazumie Japan Shawn
51%
Jaki zawodnik jako jedyny rozegrał pełną liczbe minut na FFI OG Axel Blaze
48%
Technika Axel Blaze'a zdobyta podczas meczu z Ogrami? Maksymalny Ogień
32%
jaka jest wspólna technika Caleba Jude i Davida Królewski pingwin 3
29%
Miał poważne problemy zdrowotne na wyspie Liocott? Hillman
28%
W którym odcinku zadebiutował Sol Daystar 33
21%
Zawodnik który pokonał węże w drodze po Mixi Max Króla Artura? kaiser
21%
Jakie jest pełne imie i nazwisko Trenera Inazumy Japan OG Percival Travis
21%
Kto był królem strzelców FFI OG Robingo
21%
Jaki kraj reprezentował Red Viper? Uzbekistan
10%
Nie znaleziono quizów pasujących do podanych kryteriów
Rozkład punktacji
Procent ludzi z każdym wynikiem
Percentyl według liczby udzielonych odpowiedzi
Twoja historia wyników
Nie rozwiązałeś tego quizu